000 00297nam a2200121Ia 4500
008 190216s9999||||xx |||||||||||||| ||und||
100 _aIra N Levine
245 0 _aQuantum Chemistry
260 _bPrentice Hall Of India Pvt Ltd
_c2001
300 _a739
650 _aChemistry-Chemistry
942 _cBK
999 _c3442
_d3442